000 00491nam a2200181Ia 4500
001 1701
005 20260306143747.0
008 260306t2020||||xx |||||||||||||| ||spa||
041 _aESP
082 _a155.2
_bA72
100 _aArias Gallegos, Walter Lizandro
_eAUT
245 0 _aPsicología y familia:
_bcinco enfoques sobre familia y sus implicancias psicológicas
260 _c2020
300 _a281 páginas :
_c21 cm.
650 _aGEN
654 _aCPS
942 _cLIB
_dJUS
_fJUS
_2ddc
_n
999 _c1701
_d1701